000 00434cam a2200193 4500
001 D11918
008 090401t1947 xxu||||| |||| 00| 0 eng d
035 _a(Sirsi) u261
041 _aeng
100 _aAdkin, B. W.
245 4 _aThe law relating to fixtures
250 _a3rd
260 _aLondon
_bEstates Gazette
_c1947
350 _a0
520 _aShelf 151
700 _aBowen, David
942 _n0
948 _c04/03/1997
999 _c85509
_d85509